[Event "I Festival del Salento A"]
[Site "Gallipoli ITA"]
[Date "2012.05.21"]
[Round "4"]
[White "Delfino, Luigi"]
[Black "Ottaviani, Gianluca"]
[Result "1-0"]
[WhiteElo "2190"]
[BlackElo "1949"]
[PlyCount "91"]
[EventDate "2012.05.19"]

1. e4 e5 2. Nf3 Nc6 3. d4 exd4 4. Bc4 Bc5 5. c3 Nf6 6. e5 d5 7. Bb5 Ne4 8. Nxd4
O-O 9. Bxc6 bxc6 10. O-O Bd7 11. Be3 Bb6 12. Nd2 c5 13. N4b3 Qe7 14. Nxe4 dxe4
15. Qd5 Be6 16. Qxe4 c4 17. Nd2 Bxe3 18. Qxe3 Rfd8 19. Ne4 Rd3 20. Qc5 Qd7 21.
Qb4 Bd5 22. Rae1 Qf5 23. f3 Rd8 24. Qe7 Bxe4 25. Rxe4 h5 26. Qxc7 Qg5 27. e6
fxe6 28. Qxc4 Rd2 29. Re2 Rxe2 30. Qxe2 Rd2 31. Qxe6+ Kh8 32. Qe8+ Kh7 33. Qe4+
Kh8 34. g4 Qc5+ 35. Kh1 Rxb2 36. Rd1 Rb8 37. Rd5 Rb1+ 38. Qxb1 Qxd5 39. Qe4
Qd1+ 40. Kg2 Qd2+ 41. Kg3 hxg4 42. c4 gxf3 43. Qe8+ Kh7 44. Qh5+ Kg8 45. Qd5+
Qxd5 46. cxd5 1-0

[Event "I Festival del Salento A"]
[Site "Gallipoli ITA"]
[Date "2012.05.21"]
[Round "4"]
[White "Hocevar, Nikola"]
[Black "Arnetta, Maria Teresa"]
[Result "1/2-1/2"]
[WhiteElo "2044"]
[BlackElo "2020"]
[PlyCount "108"]
[EventDate "2012.05.19"]

1. c4 e5 2. Nc3 Nf6 3. g3 Nc6 4. Bg2 Bc5 5. e3 d5 6. cxd5 Nb4 7. d3 c6 8. a3
Nbxd5 9. Nge2 O-O 10. O-O Bg4 11. h3 Be6 12. b4 Be7 13. Bb2 Qd7 14. Kh2 Rfd8
15. Nxd5 Bxd5 16. e4 Be6 17. Bxe5 Qxd3 18. Qxd3 Rxd3 19. Nf4 Rd2 20. Nxe6 fxe6
21. Bf4 Re2 22. Bf3 Rc2 23. Rac1 Ra2 24. Ra1 Rxa1 25. Rxa1 a5 26. Rb1 axb4 27.
axb4 Ra4 28. Bd2 Ra2 29. Be1 Kf7 30. Kg2 Ra3 31. Kf1 Nd7 32. Bd1 Ne5 33. Bb3
Nd3 34. b5 cxb5 35. Bc2 Nxe1 36. Kxe1 b4 37. Bb3 Kf6 38. f4 e5 39. Ke2 Bc5 40.
Kf3 Ra8 41. Bd5 Ra3+ 42. Bb3 Bd4 43. Ke2 Bc5 44. Kf3 Bd4 45. Ke2 Ke7 46. f5 b6
47. g4 Kf6 48. h4 h6 49. Kf3 Ra7 50. Rc1 Bc5 51. Rd1 Bd4 52. Rc1 Ra3 53. Rb1
Ra5 54. Rc1 Rc5 1/2-1/2

[Event "I Festival del Salento A"]
[Site "Gallipoli ITA"]
[Date "2012.05.21"]
[Round "4"]
[White "Khenkin, Igor"]
[Black "Thorfinnsson, Bjorn"]
[Result "1-0"]
[WhiteElo "2670"]
[BlackElo "2388"]
[PlyCount "79"]
[EventDate "2012.05.19"]

1. d4 Nf6 2. c4 e6 3. Nf3 c5 4. d5 d6 5. Nc3 exd5 6. cxd5 g6 7. Bf4 a6 8. a4
Bg7 9. e3 O-O 10. h3 Re8 11. Nd2 Nbd7 12. Be2 Ne5 13. O-O Nfd7 14. Bg3 f5 15.
f4 Nf7 16. Bf2 b6 17. Re1 Nf6 18. Bc4 Bd7 19. Qe2 Qc8 20. Ra3 g5 21. Qf1 gxf4
22. exf4 Rxe1 23. Bxe1 Qe8 24. Bf2 b5 25. axb5 axb5 26. Nxb5 Qb8 27. Rxa8 Qxa8
28. Nc3 Nh8 29. Bb5 Ng6 30. Bxd7 Nxd7 31. Qd3 Qa1+ 32. Nf1 Qxb2 33. Qxf5 Qxc3
34. Qe6+ Kh8 35. Qxd7 Qf6 36. f5 Ne7 37. Ne3 Qa1+ 38. Kh2 Qe5+ 39. Bg3 Qf6 40.
Ng4 1-0

[Event "I Festival del Salento A"]
[Site "Gallipoli ITA"]
[Date "2012.05.21"]
[Round "4"]
[White "Lanzani, Mario"]
[Black "Pizzuto, Samuele Tullio"]
[Result "1/2-1/2"]
[WhiteElo "2327"]
[BlackElo "2132"]
[PlyCount "108"]
[EventDate "2012.05.19"]

1. d4 d5 2. Nf3 Nc6 3. g3 Bg4 4. Bg2 Qd7 5. h3 Bf5 6. g4 Bg6 7. c3 e6 8. Nbd2
Bd6 9. Nh4 Nf6 10. Nxg6 hxg6 11. e4 dxe4 12. Nxe4 Nxe4 13. Bxe4 e5 14. dxe5
O-O-O 15. Be3 Rhe8 16. Qa4 Bxe5 17. Bxc6 Qxc6 18. Qxc6 bxc6 19. Rd1 Bd6 20. O-O
Kb7 21. Kg2 Re6 22. Rd4 Rde8 23. Ra4 a6 24. Ra5 Re4 25. Kf3 f6 26. Rd1 c5 27.
a3 f5 28. b4 cxb4 29. cxb4 R4e5 30. Rxe5 Rxe5 31. Bf4 Re6 32. gxf5 gxf5 33.
Bxd6 cxd6 34. Rd5 g6 35. Kf4 Kc6 36. Ra5 Kb6 37. Kg5 Re2 38. Kxg6 f4 39. Kf5
Rxf2 40. Kg4 Rf1 41. h4 f3 42. h5 Kc6 43. Kg3 d5 44. Rxa6+ Kb5 45. Rf6 Rh1 46.
Rf5 Kc4 47. Kxf3 Rh3+ 48. Kg4 Rxa3 49. h6 Ra7 50. Rh5 Rh7 51. b5 d4 52. b6 d3
53. Kg5 d2 54. Rh1 Kd3 1/2-1/2

[Event "I Festival del Salento A"]
[Site "Gallipoli ITA"]
[Date "2012.05.21"]
[Round "4"]
[White "Levin, Felix"]
[Black "Piscopo, Pierluigi"]
[Result "1-0"]
[WhiteElo "2506"]
[BlackElo "2366"]
[PlyCount "59"]
[EventDate "2012.05.19"]

1. Nf3 Nf6 2. c4 g6 3. Nc3 Bg7 4. e4 O-O 5. d4 c6 6. h3 d5 7. e5 Ne4 8. Bd3
Nxc3 9. bxc3 dxc4 10. Bxc4 c5 11. O-O Nc6 12. a4 cxd4 13. cxd4 b6 14. Be3 Bb7
15. Rc1 Rc8 16. e6 f5 17. d5 Na5 18. Ba2 f4 19. Rxc8 Qxc8 20. Bd4 Bxd4 21. Qxd4
Qc5 22. d6 Bxf3 23. Qxc5 bxc5 24. gxf3 Kg7 25. d7 Kf6 26. Rc1 Nb7 27. Bd5 Nd8
28. Rxc5 Ke5 29. Bb3+ Kd6 30. Rc8 1-0

[Event "I Festival del Salento A"]
[Site "Gallipoli ITA"]
[Date "2012.05.21"]
[Round "4"]
[White "Malakhatko, Vadim"]
[Black "Naumkin, Igor"]
[Result "1-0"]
[WhiteElo "2526"]
[BlackElo "2472"]
[PlyCount "81"]
[EventDate "2012.05.19"]

1. c4 e5 2. Nc3 Nf6 3. e3 Bb4 4. Nge2 O-O 5. a3 Bxc3 6. Nxc3 d5 7. cxd5 Nxd5 8.
Qc2 Nc6 9. Be2 Nxc3 10. Qxc3 Qg5 11. O-O e4 12. Kh1 Bf5 13. b4 Rae8 14. f4 exf3
15. gxf3 Bg6 16. Bb2 f6 17. Rg1 Qh5 18. Rg2 Kh8 19. b5 Ne7 20. Qxc7 Nf5 21. Qf4
Rd8 22. Bc3 Nd6 23. Bb4 Qd5 24. Rc1 Rfe8 25. Rc5 Qf7 26. h4 Rd7 27. Qg4 b6 28.
Rc6 Red8 29. Qf4 Qd5 30. e4 Nxe4 31. Rxg6 Nf2+ 32. Kg2 Nh3 33. Kxh3 hxg6 34.
Qe4 Qh5 35. f4 Qh6 36. Bc3 Kh7 37. Kg3 Rd5 38. Rc7 Rf5 39. Bg4 Rc5 40. Rxc5
bxc5 41. Bxf6 1-0

[Event "I Festival del Salento A"]
[Site "Gallipoli ITA"]
[Date "2012.05.21"]
[Round "4"]
[White "Midonet, Matthieu"]
[Black "Collutiis, Duilio"]
[Result "0-1"]
[WhiteElo "2116"]
[BlackElo "2513"]
[PlyCount "46"]
[EventDate "2012.05.19"]

1. e4 c5 2. b3 Nc6 3. Bb2 e6 4. Nf3 d6 5. Bb5 Bd7 6. O-O Nf6 7. Re1 e5 8. c3 a6
9. Bxc6 Bxc6 10. d4 Bxe4 11. dxe5 dxe5 12. Nbd2 Bd5 13. Rxe5+ Be7 14. Qe1 h6
15. Rd1 Qc7 16. Nc4 Rd8 17. Nh4 Ng4 18. Rdxd5 Rxd5 19. Rxd5 Qxh2+ 20. Kf1 Qh1+
21. Ke2 Qxh4 22. g3 Qf6 23. f3 Qe5+ 0-1

[Event "I Festival del Salento A"]
[Site "Gallipoli ITA"]
[Date "2012.05.21"]
[Round "4"]
[White "Sprotte, Norbert"]
[Black "Minerba, Paolo"]
[Result "1/2-1/2"]
[WhiteElo "2180"]
[BlackElo "1808"]
[PlyCount "72"]
[EventDate "2012.05.19"]

1. d4 d5 2. Nf3 Nf6 3. e3 e6 4. Bd3 c5 5. b3 Nc6 6. O-O cxd4 7. exd4 Bd7 8. Bb2
Bd6 9. Nbd2 O-O 10. a3 Re8 11. Ne5 Qb6 12. Ndf3 Qc7 13. Re1 Ne7 14. Qe2 Ng6 15.
Nxg6 hxg6 16. Ne5 Rac8 17. Rac1 Bc6 18. g3 Bxe5 19. Qxe5 Qxe5 20. dxe5 Nd7 21.
Bd4 b6 22. b4 Rc7 23. c3 Ba4 24. Rb1 b5 25. f4 Nb6 26. Kf2 Nc4 27. Re2 Nxa3 28.
Ra1 Nc4 29. Bxc4 Rxc4 30. Ke3 Ra8 31. Rb2 Kf8 32. g4 Ke7 33. h4 Rh8 34. Rh2
Rcc8 35. Kd3 a6 36. g5 Rh5 1/2-1/2

[Event "I Festival del Salento A"]
[Site "Gallipoli ITA"]
[Date "2012.05.22"]
[Round "5"]
[White "Ambrosanio, Raffaele"]
[Black "Hocevar, Nikola"]
[Result "1/2-1/2"]
[WhiteElo "1967"]
[BlackElo "2044"]
[PlyCount "91"]
[EventDate "2012.05.19"]

1. c4 e5 2. g3 Nf6 3. Bg2 Nc6 4. Nc3 Bc5 5. e3 O-O 6. Nge2 Re8 7. d3 Bf8 8. O-O
d6 9. Qb3 Bd7 10. a3 Rb8 11. Qc2 g6 12. b4 Ne7 13. Bb2 Bg7 14. Rad1 c6 15. d4
exd4 16. Nxd4 d5 17. Qb3 dxc4 18. Qxc4 Qc8 19. Qc5 b6 20. Qd6 c5 21. Nde2 cxb4
22. axb4 Be6 23. Rc1 Qd8 24. Nb5 Qxd6 25. Nxd6 Red8 26. Rfd1 Nfd5 27. Bxg7 Kxg7
28. Nb5 Nxb4 29. Nxa7 Nd3 30. Rb1 Ba2 31. Ra1 Bc4 32. Nd4 Ne5 33. Rdc1 b5 34.
h3 Rf8 35. f4 Nd3 36. Rc3 Nb4 37. Rb1 Nbd5 38. Ra3 b4 39. Ra4 Nxe3 40. Raxb4
Rxb4 41. Rxb4 Rd8 42. Nf3 N7d5 43. Rb7 Ba6 44. Rb2 Nxg2 45. Kxg2 Ne3+ 46. Kh2
1/2-1/2

[Event "I Festival del Salento A"]
[Site "Gallipoli ITA"]
[Date "2012.05.22"]
[Round "5"]
[White "Arnetta, Maria Teresa"]
[Black "Ottaviani, Gianluca"]
[Result "1-0"]
[WhiteElo "2020"]
[BlackElo "1949"]
[PlyCount "37"]
[EventDate "2012.05.19"]

1. e4 d6 2. d4 g6 3. Nc3 c6 4. Nf3 Bg7 5. Bg5 Qb6 6. Qd2 Qxb2 7. Rb1 Qa3 8. Bc4
Nd7 9. O-O Qa5 10. Rfe1 Qc7 11. e5 dxe5 12. Nxe5 Bxe5 13. dxe5 Nf8 14. Ne4 Be6
15. Nd6+ exd6 16. exd6 Qd7 17. Qd4 Ne7 18. Bxe6 fxe6 19. Qxh8 1-0

[Event "I Festival del Salento A"]
[Site "Gallipoli ITA"]
[Date "2012.05.22"]
[Round "5"]
[White "Khenkin, Igor"]
[Black "Malakhatko, Vadim"]
[Result "1-0"]
[WhiteElo "2670"]
[BlackElo "2526"]
[PlyCount "143"]
[EventDate "2012.05.19"]

1. d4 e6 2. c4 Bb4+ 3. Bd2 a5 4. Nf3 Nf6 5. Nc3 d5 6. e3 O-O 7. Bd3 b6 8. cxd5
exd5 9. O-O Bg4 10. Qc2 Bxf3 11. gxf3 Be7 12. Ne2 c5 13. dxc5 bxc5 14. Bc3 Nbd7
15. Rad1 Qb8 16. Ng3 Rd8 17. Be2 g6 18. Rd2 Bd6 19. Rfd1 Be5 20. f4 Bxc3 21.
Qxc3 Qb4 22. Bf3 Qxc3 23. bxc3 Nb6 24. Rb1 Na4 25. Ne2 Ne4 26. Rxd5 Naxc3 27.
Nxc3 Nxc3 28. Rxd8+ Rxd8 29. Rc1 Nxa2 30. Rc2 Nb4 31. Rxc5 a4 32. Ra5 Nd3 33.
Rxa4 Rb8 34. Be2 Nc5 35. Rd4 Rb7 36. Bf3 Rc7 37. Kg2 Kg7 38. Kg3 Nd7 39. e4 Nf6
40. e5 Ng8 41. Bg4 Ne7 42. Rd7 Rxd7 43. Bxd7 Ng8 44. Kf3 Kf8 45. Ke4 Ke7 46.
Bh3 Nh6 47. Kd5 Ng8 48. f5 gxf5 49. Bxf5 h5 50. Bh7 Nh6 51. h3 Kf8 52. Kd6 Kg7
53. Bd3 Kf8 54. Kd7 h4 55. Kd6 Ng8 56. Kd5 f6 57. e6 Ne7+ 58. Ke4 Nc6 59. Bb5
Ne7 60. Kf4 Kg7 61. Kg4 Kg6 62. Be8+ Kh6 63. Kxh4 Kg7 64. Kg4 Kh6 65. Kf4 Kg7
66. Ke4 Kf8 67. Ba4 Ng8 68. Kd5 Ke7 69. Bc2 Kd8 70. h4 Ne7+ 71. Kc5 Ng8 72. Kd6
1-0

[Event "I Festival del Salento A"]
[Site "Gallipoli ITA"]
[Date "2012.05.22"]
[Round "5"]
[White "Minerba, Paolo"]
[Black "Midonet, Matthieu"]
[Result "0-1"]
[WhiteElo "1808"]
[BlackElo "2116"]
[PlyCount "110"]
[EventDate "2012.05.19"]

1. e4 c5 2. c3 b6 3. d4 Bb7 4. Bd3 Nf6 5. Qe2 cxd4 6. cxd4 Nc6 7. Nf3 Nb4 8.
Nc3 Nxd3+ 9. Qxd3 Qc8 10. a4 d5 11. e5 Ne4 12. Nb5 a6 13. Nc3 Qc4 14. Qxc4 dxc4
15. O-O e6 16. Re1 Nxc3 17. bxc3 Bxf3 18. gxf3 Kd7 19. Ba3 Kc6 20. Bxf8 Rhxf8
21. Ra2 Rfb8 22. Rea1 Rb7 23. Kf1 Kd5 24. Ke2 Rf8 25. Rb2 f6 26. exf6 Rxf6 27.
Rg1 Rf5 28. Rg4 Kd6 29. Rb1 Ra5 30. Rb4 b5 31. Rg5 Rxa4 32. Rxa4 bxa4 33. Rc5
Rb5 34. Rxc4 Ra5 35. Rb4 a3 36. Rb1 a2 37. Ra1 Kd5 38. Kd3 Ra3 39. f4 g6 40. f3
a5 41. h4 Ra4 42. c4+ Rxc4 43. Rxa2 Rxd4+ 44. Ke3 a4 45. h5 gxh5 46. Rh2 Rb4
47. Rxh5+ Kc4 48. Rxh7 a3 49. Ke4 a2 50. Ra7 Kb3+ 51. Ke5 Ra4 52. Rxa4 Kxa4 53.
Kxe6 a1=Q 54. f5 Qg7 55. f6 Qf8 0-1

[Event "I Festival del Salento A"]
[Site "Gallipoli ITA"]
[Date "2012.05.22"]
[Round "5"]
[White "Mogranzini, Roberto"]
[Black "Levin, Felix"]
[Result "1/2-1/2"]
[WhiteElo "2461"]
[BlackElo "2506"]
[PlyCount "69"]
[EventDate "2012.05.19"]

1. c4 e6 2. g3 d5 3. Bg2 Nf6 4. Nf3 Be7 5. O-O O-O 6. b3 b6 7. Bb2 Bb7 8. e3
dxc4 9. bxc4 c5 10. Nc3 Nc6 11. Qe2 Qc7 12. Rfd1 Rfd8 13. Rac1 a6 14. d4 Na5
15. Nb1 Rac8 16. Nbd2 Ne4 17. Nb3 Nxb3 18. axb3 Nf6 19. h4 Ra8 20. Ne5 Bxg2 21.
Kxg2 Qb7+ 22. Qf3 Qxf3+ 23. Kxf3 Rac8 24. dxc5 Bxc5 25. Rxd8+ Rxd8 26. b4 Bf8
27. Ra1 Ra8 28. Bc3 Bd6 29. Rd1 Ne8 30. Nd7 Bc7 31. c5 bxc5 32. Nxc5 Bd6 33.
Ra1 Nc7 34. Ke2 a5 35. Kd3 1/2-1/2

[Event "I Festival del Salento A"]
[Site "Gallipoli ITA"]
[Date "2012.05.22"]
[Round "5"]
[White "Piscopo, Pierluigi"]
[Black "Lanzani, Mario"]
[Result "1/2-1/2"]
[WhiteElo "2366"]
[BlackElo "2327"]
[PlyCount "20"]
[EventDate "2012.05.19"]

1. e4 c5 2. Nf3 d6 3. d4 cxd4 4. Nxd4 Nf6 5. Nc3 e6 6. Be2 Be7 7. O-O O-O 8.
Be3 Nc6 9. Nb3 a6 10. a4 b6 1/2-1/2

[Event "I Festival del Salento A"]
[Site "Gallipoli ITA"]
[Date "2012.05.22"]
[Round "5"]
[White "Quaranta, Cristiano"]
[Black "Delfino, Luigi"]
[Result "1/2-1/2"]
[WhiteElo "2088"]
[BlackElo "2190"]
[PlyCount "79"]
[EventDate "2012.05.19"]

1. d4 Nf6 2. c4 c5 3. d5 b5 4. cxb5 a6 5. bxa6 g6 6. Nc3 Bxa6 7. Nf3 d6 8. e4
Bxf1 9. Kxf1 Bg7 10. g3 Nbd7 11. Kg2 O-O 12. a4 Qb6 13. Qe2 Rfb8 14. Bd2 Ne8
15. Rhb1 Nc7 16. Ra3 Qb7 17. Nb5 Nb6 18. Nxc7 Qxc7 19. a5 Nd7 20. b4 cxb4 21.
Rxb4 Rc8 22. Nd4 Bxd4 23. Rxd4 Qc2 24. Qd3 Ne5 25. Qxc2 Rxc2 26. Raa4 Ra6 27.
h3 f5 28. Bg5 fxe4 29. Rxe4 Nd3 30. Be3 Kf7 31. Ra3 Ne5 32. Rh4 h5 33. Raa4 Rb2
34. Rhd4 Rb5 35. Bd2 Nd7 36. Ra3 Ne5 37. f4 Nd7 38. Kf3 Nc5 39. Bb4 Nd7 40. Bd2
1/2-1/2

[Event "I Festival del Salento A"]
[Site "Gallipoli ITA"]
[Date "2012.05.22"]
[Round "5"]
[White "Thorfinnsson, Bjorn"]
[Black "Bentivegna, Francesco"]
[Result "1-0"]
[WhiteElo "2388"]
[BlackElo "2276"]
[PlyCount "44"]
[EventDate "2012.05.19"]

1. Nf3 b6 2. g3 Bb7 3. Bg2 Nf6 4. O-O g6 5. d3 d5 6. Bf4 Bg7 7. Qc1 O-O 8. Bh6
c5 9. Bxg7 Kxg7 10. b4 cxb4 11. a3 bxa3 12. Rxa3 Nc6 13. Qb2 Kg8 14. Nbd2 Qc7
15. c4 Rfd8 16. Rc1 dxc4 17. Nxc4 Nd5 18. Rb3 Rac8 19. Bh3 Na5 20. Ra3 e6 21.
e4 Ne7 22. Ng5 f5 1-0

[Event "I Festival del Salento A"]
[Site "Gallipoli ITA"]
[Date "2012.05.23"]
[Round "6"]
[White "Delfino, Luigi"]
[Black "Sprotte, Norbert"]
[Result "1-0"]
[WhiteElo "2190"]
[BlackElo "2180"]
[PlyCount "77"]
[EventDate "2012.05.19"]

1. Nf3 Nf6 2. g3 d5 3. c4 e6 4. Bg2 Be7 5. O-O O-O 6. d4 Nbd7 7. Nbd2 c5 8. Re1
cxd4 9. cxd5 Nc5 10. Nxd4 Nxd5 11. Nc4 Nb6 12. Na5 Bf6 13. Ndb3 Nd5 14. Bd2
Nxb3 15. Qxb3 Qb6 16. e4 Qxb3 17. axb3 Nb6 18. Bb4 Re8 19. e5 Be7 20. Bd6 Nd5
21. Red1 Bd8 22. Bxd5 exd5 23. Rxd5 Bxa5 24. Rdxa5 a6 25. f4 h5 26. Kf2 Be6 27.
b4 Rac8 28. Rc5 Rc6 29. Rxc6 bxc6 30. Rxa6 Rc8 31. Ke3 Bc4 32. Ra7 g6 33. Kd4
Bb5 34. e6 fxe6 35. Ke5 Re8 36. Kf6 Bd3 37. Rg7+ Kh8 38. Be5 Rf8+ 39. Kg5 1-0

[Event "I Festival del Salento A"]
[Site "Gallipoli ITA"]
[Date "2012.05.23"]
[Round "6"]
[White "Hocevar, Nikola"]
[Black "Minerba, Paolo"]
[Result "1-0"]
[WhiteElo "2044"]
[BlackElo "1808"]
[PlyCount "97"]
[EventDate "2012.05.19"]

1. c4 e5 2. Nc3 Nf6 3. g3 d5 4. cxd5 Nxd5 5. Bg2 Nb6 6. Nf3 Nc6 7. O-O Be7 8.
a3 O-O 9. b4 Be6 10. d3 f6 11. Bb2 a5 12. b5 Nd4 13. Nxd4 exd4 14. Na4 Bd5 15.
Nxb6 cxb6 16. Bxd5+ Qxd5 17. Qa4 Bc5 18. Qc4 Rad8 19. Rac1 Rfe8 20. Rfe1 Rd7
21. Kf1 Kf8 22. Qxd5 Rxd5 23. Rc2 a4 24. Rb1 Rh5 25. Kg2 Rd5 26. Bc1 Ra8 27.
Ra2 Bd6 28. Bd2 Rc8 29. Bb4 Ke7 30. Bxd6+ Kxd6 31. Rb4 Rcc5 32. Rab2 Kc7 33. f4
f5 34. Rxa4 Rxb5 35. Rxb5 Rxb5 36. Rxd4 Ra5 37. a4 g6 38. Rb4 Rd5 39. Kf3 Kc6
40. Ke3 Ra5 41. Kd4 b5 42. axb5+ Kd6 43. e4 fxe4 44. dxe4 Ra2 45. e5+ Kd7 46.
Kc5 Rxh2 47. Kb6 Rh3 48. Rd4+ Kc8 49. e6 1-0

[Event "I Festival del Salento A"]
[Site "Gallipoli ITA"]
[Date "2012.05.23"]
[Round "6"]
[White "Lanzani, Mario"]
[Black "Quaranta, Cristiano"]
[Result "1/2-1/2"]
[WhiteElo "2327"]
[BlackElo "2088"]
[PlyCount "105"]
[EventDate "2012.05.19"]

1. d4 e6 2. c4 d5 3. Nf3 c6 4. Qc2 Nd7 5. cxd5 exd5 6. Bf4 Ngf6 7. e3 Be7 8. h3
Ne4 9. Bd3 Ndf6 10. Nc3 Nxc3 11. bxc3 O-O 12. O-O h6 13. c4 dxc4 14. Bxc4 Nd5
15. Be5 Be6 16. e4 Nb4 17. Qb3 Bxc4 18. Qxc4 Na6 19. Rab1 Qc8 20. Rfc1 Rd8 21.
Qb3 Rd7 22. Bf4 Bf8 23. Ne5 Re7 24. d5 g5 25. Bg3 Qe8 26. d6 Rxe5 27. d7 Qxd7
28. Bxe5 Nc5 29. Qe3 b6 30. Ba1 Bg7 31. Bxg7 Kxg7 32. h4 Qg4 33. Qd4+ f6 34.
Qd6 Rf8 35. h5 Rf7 36. Qxc6 Qxh5 37. Rd1 Qg4 38. Rd4 Ne6 39. Rd7 Nf4 40. Rxf7+
Kxf7 41. e5 Ne2+ 42. Kf1 Ng3+ 43. fxg3 Qf5+ 44. Ke2 Qxb1 45. Qxf6+ Ke8 46. Qe6+
Kd8 47. Qd5+ Ke7 48. Qd6+ Ke8 49. a3 Qc2+ 50. Kf3 Qf5+ 51. Ke3 Kf7 52. Qc7+ Ke6
53. Qd6+ 1/2-1/2

[Event "I Festival del Salento A"]
[Site "Gallipoli ITA"]
[Date "2012.05.23"]
[Round "6"]
[White "Midonet, Matthieu"]
[Black "Piscopo, Pierluigi"]
[Result "1/2-1/2"]
[WhiteElo "2116"]
[BlackElo "2366"]
[PlyCount "46"]
[EventDate "2012.05.19"]

1. e4 c5 2. b3 g6 3. Bb2 Nf6 4. Qf3 d6 5. Bb5+ Nbd7 6. Bxf6 exf6 7. Qd3 a6 8.
Bxd7+ Qxd7 9. Ne2 Bg7 10. Nbc3 O-O 11. O-O Qd8 12. Rad1 h5 13. Qg3 f5 14. d4 h4
15. Qf3 Qg5 16. dxc5 dxc5 17. Rd5 b6 18. Rfd1 Re8 19. exf5 Bxf5 20. h3 Qe7 21.
R5d2 Rad8 22. Nd5 Qg5 23. Nef4 Be5 1/2-1/2

[Event "I Festival del Salento A"]
[Site "Gallipoli ITA"]
[Date "2012.05.23"]
[Round "6"]
[White "Mogranzini, Roberto"]
[Black "Thorfinnsson, Bjorn"]
[Result "1/2-1/2"]
[WhiteElo "2461"]
[BlackElo "2388"]
[PlyCount "100"]
[EventDate "2012.05.19"]

1. c4 Nf6 2. g3 c6 3. Bg2 d5 4. Nf3 Bf5 5. Qb3 Qb6 6. cxd5 Qxb3 7. axb3 Bxb1 8.
Rxb1 cxd5 9. d3 Nc6 10. Ra1 e6 11. O-O Bc5 12. Bd2 Ke7 13. Rfc1 Bb6 14. e3 Rhc8
15. Bf1 Rc7 16. b4 Rac8 17. b5 Nb8 18. Bb4+ Ke8 19. Rxc7 Rxc7 20. d4 Nbd7 21.
Bd3 Ne4 22. Ne1 g6 23. f3 Nef6 24. g4 e5 25. Bd6 Rc8 26. g5 Nh5 27. Nc2 f5 28.
gxf6 exd4 29. exd4 Ndxf6 30. Re1+ Kd7 31. Be5 Bc7 32. Bf1 Rf8 33. Ra1 Bxe5 34.
dxe5 Ng8 35. Rxa7 Kc7 36. Nd4 Kb6 37. Ra3 Rf4 38. Rd3 Ne7 39. Rd2 Rh4 40. Ne2
Rb4 41. Kf2 g5 42. Bh3 Rxb5 43. Nc3 Rb4 44. Nxd5+ Nxd5 45. Rxd5 Nf4 46. Rd6+
Kc5 47. Bf5 Rxb2+ 48. Kf1 Rxh2 49. Rd7 Rh1+ 50. Kf2 Rh2+ 1/2-1/2

[Event "I Festival del Salento A"]
[Site "Gallipoli ITA"]
[Date "2012.05.23"]
[Round "6"]
[White "Ottaviani, Gianluca"]
[Black "Ambrosanio, Raffaele"]
[Result "1-0"]
[WhiteElo "1949"]
[BlackElo "1967"]
[PlyCount "75"]
[EventDate "2012.05.19"]

1. e4 d6 2. d4 Nf6 3. Nc3 g6 4. f4 Bg7 5. e5 Nfd7 6. Nf3 c5 7. Ng5 dxe5 8. dxe5
e6 9. Qd6 Bf8 10. Qd3 Be7 11. Nce4 O-O 12. Qh3 h5 13. g4 Kg7 14. gxh5 Rh8 15.
h6+ Rxh6 16. Qxh6+ Kxh6 17. Nxf7+ Kg7 18. Nxd8 Bxd8 19. Bd3 Bh4+ 20. Ke2 Nc6
21. Be3 b6 22. Rhg1 Ne7 23. Rg4 Nf5 24. Rag1 Nf8 25. Ng5 Bxg5 26. Rxg5 Bb7 27.
Bf2 Kf7 28. h4 Rc8 29. h5 c4 30. Bxf5 exf5 31. hxg6+ Kg7 32. Rxf5 Rc7 33. Bh4
Ne6 34. Bf6+ Kg8 35. Ke3 Rd7 36. Rh5 Ng7 37. Bxg7 Rxg7 38. f5 1-0

[Event "I Festival del Salento A"]
[Site "Gallipoli ITA"]
[Date "2012.05.24"]
[Round "7"]
[White "Arnetta, Maria Teresa"]
[Black "Minerba, Paolo"]
[Result "0-1"]
[WhiteElo "2020"]
[BlackElo "1808"]
[PlyCount "114"]
[EventDate "2012.05.19"]

1. e4 c5 2. b3 d6 3. Bb5+ Nd7 4. Bb2 e6 5. f4 a6 6. Bxd7+ Bxd7 7. Nf3 Nf6 8. d3
Be7 9. Nbd2 Bc6 10. O-O O-O 11. Qe2 b5 12. c4 Qc7 13. Rad1 a5 14. e5 Nd7 15.
Ne4 d5 16. cxd5 Bxd5 17. Ng3 f5 18. exf6 Bxf6 19. Ne5 Bxe5 20. fxe5 a4 21. bxa4
Rxa4 22. Rxf8+ Nxf8 23. a3 Ng6 24. d4 c4 25. Ne4 Nf4 26. Qc2 Bxe4 27. Qxe4 Nd5
28. Qg4 Ra6 29. Bc1 c3 30. Rf1 c2 31. Qe2 Qc4 32. Qf2 h6 33. Bxh6 Ra7 34. Bc1
Qc8 35. Qe2 b4 36. axb4 Nxb4 37. Qd2 Na2 38. d5 Qc5+ 39. Kh1 exd5 40. e6 Nxc1
41. Rxc1 Rb7 42. Qf4 Qf8 43. e7 Qxe7 44. Qd4 Qe4 45. Qc5 Re7 46. Rf1 Qc4 47.
Qf2 Qxf1+ 48. Qxf1 Rc7 49. Qc1 d4 50. h4 d3 51. Kh2 d2 52. Qxd2 c1=Q 53. Qd8+
Kh7 54. Qd3+ g6 55. h5 Qf4+ 56. g3 Qf2+ 57. Kh3 Qf5+ 0-1

[Event "I Festival del Salento A"]
[Site "Gallipoli ITA"]
[Date "2012.05.24"]
[Round "7"]
[White "Chandra, Akshat"]
[Black "Ambrosanio, Raffaele"]
[Result "1-0"]
[WhiteElo "2155"]
[BlackElo "1967"]
[PlyCount "63"]
[EventDate "2012.05.19"]

1. e4 d6 2. d4 Nf6 3. Nc3 g6 4. f4 Bg7 5. Nf3 c5 6. Bb5+ Bd7 7. Bxd7+ Nfxd7 8.
d5 Na6 9. O-O O-O 10. Re1 Qb8 11. Qe2 Nc7 12. a4 b6 13. e5 Qb7 14. Qd3 Rad8 15.
e6 fxe6 16. dxe6 Bxc3 17. bxc3 Nf6 18. c4 d5 19. Ng5 dxc4 20. Qh3 Qd5 21. Nf7
Rxf7 22. exf7+ Kxf7 23. Bb2 Qf5 24. Qh4 Nce8 25. Re2 Rd7 26. Rae1 h5 27. Qg3
Qd5 28. Re5 Qc6 29. f5 Ng4 30. Re6 Qxa4 31. fxg6+ Kg8 32. Qf4 1-0

[Event "I Festival del Salento A"]
[Site "Gallipoli ITA"]
[Date "2012.05.24"]
[Round "7"]
[White "Collutiis, Duilio"]
[Black "Delfino, Luigi"]
[Result "1-0"]
[WhiteElo "2513"]
[BlackElo "2190"]
[PlyCount "89"]
[EventDate "2012.05.19"]

1. Nf3 c5 2. e4 g6 3. d4 cxd4 4. Qxd4 Nf6 5. e5 Nc6 6. Qa4 Nd5 7. Qe4 Nb6 8.
Bf4 Bg7 9. Nc3 O-O 10. O-O-O a6 11. h4 d6 12. exd6 Bf5 13. dxe7 Qxe7 14. Qxe7
Nxe7 15. Be3 Nd7 16. Nd4 Ne5 17. f3 Rac8 18. Bf2 Bd7 19. Kb1 b5 20. Nb3 Bf5 21.
Nd4 Bd7 22. Ne4 Nf5 23. c3 Nc4 24. Nc2 Bc6 25. Bxc4 bxc4 26. Nc5 a5 27. Nd4
Bxd4 28. cxd4 Rfd8 29. Rhe1 Kf8 30. Ne4 Ne7 31. h5 Nd5 32. hxg6 hxg6 33. Bg3
Kg7 34. Rc1 Nb4 35. Be5+ Kf8 36. Bf6 Bxe4+ 37. Rxe4 Rd5 38. g4 Rc6 39. g5 Re6
40. Rxc4 Rc6 41. b3 Rf5 42. Be7+ Kg7 43. Bxb4 Rxc4 44. bxc4 axb4 45. f4 1-0

[Event "I Festival del Salento A"]
[Site "Gallipoli ITA"]
[Date "2012.05.24"]
[Round "7"]
[White "Khenkin, Igor"]
[Black "Bellia, Fabrizio"]
[Result "1/2-1/2"]
[WhiteElo "2670"]
[BlackElo "2425"]
[PlyCount "75"]
[EventDate "2012.05.19"]

1. d4 Nf6 2. c4 e6 3. Nf3 b6 4. Nc3 Bb7 5. a3 d5 6. cxd5 Nxd5 7. e3 g6 8. Nxd5
Qxd5 9. Qa4+ c6 10. Bd3 Bg7 11. e4 Qd6 12. e5 Qc7 13. O-O O-O 14. Be3 c5 15.
Rac1 Bc6 16. Bb5 Bxb5 17. Qxb5 Qd7 18. Qxd7 Nxd7 19. dxc5 Nxe5 20. Nxe5 Bxe5
21. b4 bxc5 22. Rxc5 Bf6 23. Ra5 a6 24. Rc1 Rfd8 25. Kf1 Rd5 26. Rxd5 exd5 27.
Rc5 d4 28. Bg5 Bxg5 29. Rxg5 f5 30. Ke2 Kf7 31. Kd3 Kf6 32. f4 Re8 33. Rg3 Re4
34. Rf3 Ke6 35. Kc4 Re2 36. Rh3 Rxg2 37. Rxh7 d3 38. Kxd3 1/2-1/2

[Event "I Festival del Salento A"]
[Site "Gallipoli ITA"]
[Date "2012.05.24"]
[Round "7"]
[White "Midonet, Matthieu"]
[Black "Lanzani, Mario"]
[Result "1/2-1/2"]
[WhiteElo "2116"]
[BlackElo "2327"]
[PlyCount "78"]
[EventDate "2012.05.19"]

1. e4 e6 2. d4 d5 3. e5 c5 4. Qg4 cxd4 5. Nf3 Nc6 6. Bd3 Qb6 7. O-O Nb4 8. a3
Nxd3 9. cxd3 Ne7 10. Nbd2 Nf5 11. b4 Qa6 12. Nb3 Qxd3 13. Nfxd4 h5 14. Qf4 Nxd4
15. Nxd4 Be7 16. Be3 Bd7 17. Rfc1 Rc8 18. Rxc8+ Bxc8 19. Rc1 Bd7 20. h3 Bd8 21.
Qg3 g6 22. Qf4 Qxa3 23. Nf3 Qd3 24. Bxa7 Qf5 25. Qe3 g5 26. Bb6 Qf4 27. Bxd8
Qxe3 28. fxe3 Kxd8 29. Nxg5 Ke7 30. Rc7 Rb8 31. Nxf7 Kxf7 32. Rxd7+ Kg6 33. Kf2
Kf5 34. Ke2 Rg8 35. Kf3 Kxe5 36. Rxb7 Rf8+ 37. Ke2 Rg8 38. Kf3 Rf8+ 39. Ke2 Rg8
1/2-1/2